• 首页
  • 本馆介绍
  • 公告通知
  • 最新文献
  • 馆藏检索
  • 电子资源
  • 读者导购
  • 参考咨询
  • 我的图书馆
  • 登录
  • 详细信息显示
  • 放入我的书架
  • 预约/预借图书
  • 作者相关作品
  • 分类相关作品
  • 丛书相关作品
  • 出版社相关作品

书目信息

  • 表格格式
  • 工作单格式
  • 卡片格式
题名:
美国地理史,或,人类本性与人类心智的关系
    
 
作者: 斯泰因 著 ;胡亮宇 译
分册:  
出版信息: 桂林   广西师范大学出版社  2014
页数: 165页
开本: 21cm
丛书名:
单 册:
中图分类: I712.65
科图分类:
主题词: 随笔--作品集--美国--现代
电子资源:
ISBN: 978-7-5495-5391-4
000 01093nam0 2200253 450
001 2338527839
005 20231215104245.40
010    @a978-7-5495-5391-4@dCNY 30.00
100    @a20140903d2014 em y0chiy0120 ea
101 1  @achi@ceng
102    @aCN@b450000
105    @aa z 000cy
200 1  @a美国地理史,或,人类本性与人类心智的关系@Amei guo di li shi, huo, ren lei ben xing yu ren lei xin zhi de guan xi@b专著@dThe geogeraphical history of America or the relation of human nature to the human mind@f(美)格特鲁德·斯泰因著@g胡亮宇译@zeng
210    @a桂林@c广西师范大学出版社@d2014
215    @a165页@d21cm
510 1  @aGeogeraphical history of America or the relation of human nature to the human mind@zeng
517 1  @a美国地理史@Amei guo di li shi
517 1  @a人类本性与人类心智的关系@Aren lei ben xing yu ren lei xin zhi de guan xi
606 0  @a随笔@x作品集@y美国@z现代
690    @aI712.65@v5
701  0 @c(美)@a斯泰因@Asi tai yin@c(Stein, Gertrude@f1874-1946)@4著
702  0 @a胡亮宇@Ahu liang yu@4译
801  2 @aCN@b辽宁北配@c20231205
905    @aBZT@dI712.65@e103
    
    美国地理史,或,人类本性与人类心智的关系=The geogeraphical history of America or the relation of human nature to the human mind/(美)格特鲁德·斯泰因著/胡亮宇译.-桂林:广西师范大学出版社,2014
    165页;21cm
    
    
    ISBN 978-7-5495-5391-4:CNY 30.00
    
●
相关链接 在五车中查询图书 在当当中查询图书 在豆瓣中查询图书


正题名:美国地理史,或,人类本性与人类心智的关系     索取号:I712.65/103         预约/预借

序号 登录号 条形码 馆藏地/架位号 状态 备注
1 2001519248   2001519248   513书库/ [索取号:I712.65/103] 在馆    
2 2001519249   2001519249   218书库/ [索取号:I712.65/103] 在馆    
3 2001519250   2001519250   315书库/ [索取号:I712.65/103] 在馆    
4 2001519251   2001519251   513书库/ [索取号:I712.65/103] 在馆    
5 2001519252   2001519252   218书库/ [索取号:I712.65/103] 在馆    
6 2001519253   2001519253   218书库/ [索取号:I712.65/103] 在馆    
7 2001519254   2001519254   218书库/ [索取号:I712.65/103] 在馆    
8 2001519255   2001519255   218书库/ [索取号:I712.65/103] 在馆    
9 2001519256   2001519256   218书库/ [索取号:I712.65/103] 在馆    
10 2001519257   2001519257   513书库/ [索取号:I712.65/103] 在馆    
11 2001519258   2001519258   513书库/ [索取号:I712.65/103] 在馆    
12 2001519259   2001519259   第四书库/四21架A面2层2列/ [索取号:I712.65/103] 在馆    
13 2001519260   2001519260   第四书库/四21架A面2层2列/ [索取号:I712.65/103] 在馆    
14 2001519261   2001519261   第四书库/四21架A面2层2列/ [索取号:I712.65/103] 在馆    
15 2001519262   2001519262   315书库/ [索取号:I712.65/103] 在馆    
16 2001519263   2001519263   第四书库/四21架A面2层2列/ [索取号:I712.65/103] 在馆    
17 2001519264   2001519264   第四书库/四21架A面2层2列/ [索取号:I712.65/103] 在馆    
18 2001519265   2001519265   513书库/ [索取号:I712.65/103] 在馆    
19 2001519266   2001519266   513书库/ [索取号:I712.65/103] 在馆    
20 2001519267   2001519267   第四书库/四18架B面5层3列/ [索取号:I712.65/103] 在馆    
21 2001519268   2001519268   第四书库/四18架B面5层3列/ [索取号:I712.65/103] 在馆    
22 2001519269   2001519269   第四书库/四18架B面5层3列/ [索取号:I712.65/103] 在馆    
23 2001519270   2001519270   第四书库/四18架B面5层3列/ [索取号:I712.65/103] 在馆    
24 2001519271   2001519271   第四书库/四18架B面5层3列/ [索取号:I712.65/103] 在馆    
25 2001519272   2001519272   第四书库/四18架B面5层3列/ [索取号:I712.65/103] 在馆    
26 2001519273   2001519273   第四书库/四21架A面2层2列/ [索取号:I712.65/103] 在馆    
27 2001519274   2001519274   315书库/ [索取号:I712.65/103] 在馆    
28 2001519275   2001519275   315书库/ [索取号:I712.65/103] 在馆    
29 2001519276   2001519276   315书库/ [索取号:I712.65/103] 在馆    
30 2001519277   2001519277   315书库/ [索取号:I712.65/103] 在馆    
山东省滨州职业学院图书馆 欢迎您!
大连网信软件有限公司© 版权所有